000
00341pab a2200145 454500
008
180718b1987 xxu||||| |||| 00| 0 eng d
100
_a
Vohra, B.B.
245
_a
A policy for water management
260
_c
1987
300
_a
19-20
362
_a
4 Apr.
650
_a
Water Utilization - Management
773
_a
Commerce
909
_a
20662
999
_c
20662
_d
20662